000 00363nam a2200133Ia 4500
005 20260328104310.0
008 260328s9999||||xx |||||||||||||| ||und||
100 _aZuluaga, Conrado
245 0 _aNo morire del todo ; Gabriel Garcia Márquez /
_cConrado Zuluaga
260 _bLuna Libros
300 _a244 p.
650 _aGabriel Garcia Márquez
942 _cBK
999 _c10908
_d10908